[Event "XV Weekend A"]
[Site "Porto Sant'Elpidio ITA"]
[Date "2012.11.18"]
[Round "3"]
[White "Viviani, Alessio"]
[Black "Medorini, Massimiliano"]
[WhiteElo "2105"]
[BlackElo "1859"]
[Result "0-1"]
[PlyCount "60"]
[EventDate "2012.11.17"]

1. d4 d5 2. e3 Nf6 3. Bd3 e6 4. f4 c5 5. c3 Nc6 6. Nf3 Bd6 7. O-O Ne4 8. Ne5
Bd7 9. Nd2 Nxd2 10. Bxd2 g6 11. Kh1 Qe7 12. Rb1 f6 13. Nf3 f5 14. dxc5 Bxc5 15.
b4 Bd6 16. c4 Bxb4 17. cxd5 exd5 18. Bxb4 Nxb4 19. Ne5 Nxd3 20. Qxd3 Bc6 21.
Rfc1 Rc8 22. Qd4 O-O 23. Qxa7 Rfe8 24. Qb6 d4 25. Qb3+ Kg7 26. Qb2 Be4 27. Rxc8
Rxc8 28. Rd1 Rc2 29. Qxd4 Kh6 30. Rd2 Qh4 0-1

[Event "XV Weekend A"]
[Site "Porto Sant'Elpidio ITA"]
[Date "2012.11.24"]
[Round "4"]
[White "Coronel, Joshua"]
[Black "Trasciatti, Mirko"]
[WhiteElo "1905"]
[BlackElo "1978"]
[Result "1-0"]
[PlyCount "75"]
[EventDate "2012.11.17"]

1. e4 e6 2. d4 d5 3. Nc3 Bb4 4. e5 c5 5. a3 Bxc3+ 6. bxc3 Qa5 7. Bd2 Qa4 8. Qg4
g6 9. Kd1 Nc6 10. Nf3 Bd7 11. h4 h5 12. Qf4 Nge7 13. Qf6 O-O-O 14. Ng5 cxd4 15.
Nxf7 Rhf8 16. Rh3 Kb8 17. Nxd8 Rxf6 18. exf6 Nxd8 19. fxe7 Nc6 20. Bg5 Kc7 21.
Rf3 Kd6 22. Bd3 Nxe7 23. Rf7 Nf5 24. Bxf5 gxf5 25. Rb1 b5 26. Be7+ Kc6 27. Rb4
Qa5 28. cxd4 Qc7 29. Rb3 Qf4 30. Rc3+ Kb7 31. Bf6 b4 32. Rxd7+ Ka6 33. Rc6+ Kb5
34. Rc5+ Ka6 35. axb4 Qxf2 36. Ra5+ Kb6 37. Bd8+ Kc6 38. Rc7+ 1-0

[Event "XV Weekend A"]
[Site "Porto Sant'Elpidio ITA"]
[Date "2012.11.24"]
[Round "4"]
[White "Medorini, Massimiliano"]
[Black "Bruno, Fabio"]
[WhiteElo "1859"]
[BlackElo "2424"]
[Result "0-1"]
[PlyCount "50"]
[EventDate "2012.11.17"]

1. c4 c5 2. Nf3 Nf6 3. d4 cxd4 4. Nxd4 g6 5. Nc3 Bg7 6. g3 Nc6 7. Bg2 O-O 8.
O-O d6 9. Nxc6 bxc6 10. Qa4 Bd7 11. c5 d5 12. e4 dxe4 13. Nxe4 Nd5 14. Rd1 Qc7
15. Qc4 Rfd8 16. Nc3 Nxc3 17. bxc3 Be6 18. Bf4 Qa5 19. Qe4 Bxc3 20. Rac1 Bb2
21. Rb1 Bf5 22. Qxe7 Bxb1 23. Rxb1 Qxa2 24. Re1 Bd4 25. Re2 Qb1+ 0-1

[Event "XV Weekend A"]
[Site "Porto Sant'Elpidio ITA"]
[Date "2012.11.24"]
[Round "4"]
[White "Renzetti, Leonardo"]
[Black "Iori, Massimiliano"]
[WhiteElo "1776"]
[BlackElo "2013"]
[Result "0-1"]
[PlyCount "70"]
[EventDate "2012.11.17"]

1. d4 d5 2. c4 c6 3. Nc3 Nf6 4. Nf3 e6 5. Bg5 Be7 6. e3 Nbd7 7. Bd3 O-O 8. O-O
Re8 9. cxd5 exd5 10. Qc2 h6 11. Bh4 Ne4 12. Bxe7 Qxe7 13. Bxe4 dxe4 14. Nd2 Nf6
15. Rac1 Bd7 16. Nc4 Rad8 17. Rfd1 Bf5 18. Na5 Nd5 19. Qb3 Qg5 20. Kh1 Bg4 21.
Rg1 Nxc3 22. Qxc3 Rd5 23. Nxb7 Re6 24. Nc5 Qh4 25. Qb3 Re8 26. Qb7 Rc8 27. Ne6
Bxe6 28. Rxc6 Rxc6 29. Qxc6 Qxf2 30. Qc3 Rh5 31. Rd1 Bh3 32. Rg1 Bxg2+ 33. Rxg2
Qf1+ 34. Rg1 Qf3+ 35. Rg2 Rg5 0-1

[Event "XV Weekend A"]
[Site "Porto Sant'Elpidio ITA"]
[Date "2012.11.24"]
[Round "4"]
[White "Rinaudo, Andrea"]
[Black "Giobbi, Costantino"]
[WhiteElo "2095"]
[BlackElo "1845"]
[Result "1-0"]
[PlyCount "91"]
[EventDate "2012.11.17"]

1. e4 c5 2. Nf3 Nc6 3. Bb5 d6 4. d4 cxd4 5. Nxd4 Bd7 6. O-O Qb6 7. Be3 Qa5 8.
Nc3 Nf6 9. f3 g6 10. Qd2 Bg7 11. Rfd1 O-O 12. Nb3 Qd8 13. a4 a6 14. Be2 Be6 15.
Nd5 Bxd5 16. exd5 Ne5 17. h3 Rc8 18. Na5 Qc7 19. Rac1 b6 20. Nc6 Nxc6 21. dxc6
Qxc6 22. Bxa6 Rb8 23. Bb5 Qc7 24. c4 Rfd8 25. b4 Qb7 26. Qf2 Nd7 27. a5 bxa5
28. bxa5 Ra8 29. a6 Qc8 30. Bxd7 Rxd7 31. a7 Qc6 32. Qa2 h5 33. Rb1 Rdd8 34.
Rd5 Kh7 35. Qc2 f5 36. Rdb5 d5 37. Rb7 d4 38. Bg5 Bf6 39. Qd2 Qc5 40. Bxf6 Rxa7
41. Bxe7 Qxe7 42. Rxe7+ Rxe7 43. c5 d3 44. c6 Re2 45. Rb7+ Kg8 46. Qh6 1-0

[Event "XV Weekend A"]
[Site "Porto Sant'Elpidio ITA"]
[Date "2012.11.24"]
[Round "4"]
[White "Rinaudo, Sergio"]
[Black "Balzano, Filli"]
[WhiteElo "2116"]
[BlackElo "1903"]
[Result "1-0"]
[PlyCount "86"]
[EventDate "2012.11.17"]

1. e4 c6 2. d4 d5 3. e5 Bf5 4. Nf3 e6 5. Be2 c5 6. Be3 Qb6 7. Nc3 Nc6 8. O-O c4
9. b3 cxb3 10. axb3 Bb4 11. Nb5 Qd8 12. c3 a6 13. cxb4 axb5 14. Rxa8 Qxa8 15.
Bxb5 Nge7 16. Ba4 O-O 17. Qd2 Na7 18. b5 Qd8 19. Rc1 b6 20. Qb4 Qd7 21. Qd6 Qd8
22. Bg5 Nac8 23. Rxc8 Qxc8 24. Qxe7 Qc3 25. Qa3 Rc8 26. Be3 Bg4 27. h3 Bh5 28.
Qd6 Qc2 29. Qxb6 Qd1+ 30. Kh2 Bxf3 31. gxf3 Qxf3 32. Qa6 Rf8 33. b6 g5 34. Bb5
g4 35. hxg4 Qxg4 36. Bf1 Kh8 37. Qe2 Qg6 38. f4 Rg8 39. Qf2 Qh5+ 40. Bh3 Qd1
41. f5 exf5 42. Bxf5 Qh5+ 43. Bh3 Rg7 1-0

[Event "XV Weekend A"]
[Site "Porto Sant'Elpidio ITA"]
[Date "2012.11.24"]
[Round "4"]
[White "Ripa', Daniele"]
[Black "Miandro, Steven"]
[WhiteElo "1993"]
[BlackElo "1861"]
[Result "1/2-1/2"]
[PlyCount "75"]
[EventDate "2012.11.17"]

1. e4 c5 2. c3 Nf6 3. e5 Nd5 4. d4 cxd4 5. cxd4 d6 6. Nf3 Nc6 7. Bc4 e6 8. O-O
Be7 9. Qe2 O-O 10. Nc3 Nxc3 11. bxc3 dxe5 12. dxe5 b6 13. Qe4 Bb7 14. Bd3 g6
15. Bh6 Re8 16. Rad1 Qc7 17. Qf4 Bf8 18. Rfe1 Bg7 19. h4 Ne7 20. Bxg7 Kxg7 21.
c4 Nc6 22. Qf6+ Kg8 23. h5 Qe7 24. Qf4 Rad8 25. Ng5 Rd4 26. Ne4 Kg7 27. Re3
Red8 28. hxg6 fxg6 29. Rh3 h5 30. Rg3 Nb4 31. Nf6 Rxf4 32. Rxg6+ Kh8 33. Rh6+
Kg7 34. Rh7+ Kf8 35. Rh8+ Kg7 36. Rh7+ Kf8 37. Rh8+ Kg7 38. Rh7+ 1/2-1/2

[Event "XV Weekend A"]
[Site "Porto Sant'Elpidio ITA"]
[Date "2012.11.24"]
[Round "4"]
[White "Sagripanti, Michele"]
[Black "Marsili, Riccardo"]
[WhiteElo "2032"]
[BlackElo "2074"]
[Result "1/2-1/2"]
[PlyCount "54"]
[EventDate "2012.11.17"]

1. d4 Nf6 2. Nf3 g6 3. c4 Bg7 4. Nc3 d5 5. cxd5 Nxd5 6. e4 Nxc3 7. bxc3 c5 8.
Bc4 O-O 9. h3 Nc6 10. Be3 Qa5 11. O-O Qxc3 12. Rc1 Qa3 13. dxc5 Na5 14. Bd5 e6
15. Bb3 Nxb3 16. axb3 Qa5 17. Qc2 Bd7 18. Rfd1 Bc6 19. Bd4 f6 20. Qc4 Kh8 21.
Bc3 Qb5 22. Qxb5 Bxb5 23. Nd4 Bd7 24. Nf5 Bc6 25. Nd4 Bd7 26. Nf5 Bc6 27. Nd4
Bd7 1/2-1/2

[Event "XV Weekend A"]
[Site "Porto Sant'Elpidio ITA"]
[Date "2012.11.24"]
[Round "4"]
[White "Viviani, Alessio"]
[Black "Ricci, Alessio"]
[WhiteElo "2105"]
[BlackElo "1898"]
[Result "1/2-1/2"]
[PlyCount "111"]
[EventDate "2012.11.17"]

1. d4 e6 2. e3 b6 3. f4 Bb7 4. Nf3 Nf6 5. Bd3 c5 6. O-O cxd4 7. exd4 Nc6 8. c3
g6 9. Qe1 Ne7 10. a4 Bg7 11. a5 bxa5 12. Nbd2 O-O 13. Nb3 Bxf3 14. Rxf3 Nc6 15.
Bd2 Rb8 16. Ra3 Re8 17. Bc2 Bf8 18. Ra2 Bd6 19. Nc5 Bxc5 20. dxc5 Rb5 21. Bd3
Rxc5 22. Be3 Rh5 23. h3 Nd5 24. Bc1 Qh4 25. Qxh4 Rxh4 26. Kh2 f5 27. g3 Rh6 28.
Kg2 Kf7 29. Bb5 Nde7 30. Rd3 d5 31. Be3 Rb8 32. Ba4 g5 33. fxg5 Rg6 34. b3 Ne5
35. Rdd2 Rc8 36. Bxa7 Rxg5 37. Be3 Rgg8 38. Rdc2 Nd3 39. Bd2 Ng6 40. Bb5 Nc5
41. Rxa5 Nxb3 42. Ra7+ Kf6 43. Bh6 Nd4 44. Rb2 Nxb5 45. Rxb5 Rxc3 46. Rbb7 Ne5
47. Bg7+ Rxg7 48. Rxg7 Rc2+ 49. Kf1 d4 50. Rxh7 d3 51. Ra1 d2 52. Rd1 Nd3 53.
Rd7 Ne5 54. R7xd2 Rc3 55. Kg2 Nc4 56. Rd3 1/2-1/2

[Event "XV Weekend A"]
[Site "Porto Sant'Elpidio ITA"]
[Date "2012.11.25"]
[Round "5"]
[White "Bruno, Fabio"]
[Black "Viviani, Alessio"]
[WhiteElo "2424"]
[BlackElo "2105"]
[Result "1-0"]
[PlyCount "65"]
[EventDate "2012.11.17"]

1. Nf3 d6 2. d4 e6 3. c4 Ne7 4. Nc3 Nd7 5. h4 h6 6. h5 a6 7. e4 e5 8. d5 Ng8 9.
Be3 Ngf6 10. Nd2 Be7 11. g3 O-O 12. Bh3 Nh7 13. Qe2 Bg5 14. f4 exf4 15. gxf4
Bh4+ 16. Kd1 b5 17. Kc2 Bf6 18. Nf3 Qe8 19. Bf2 bxc4 20. Rae1 Bxc3 21. Kxc3 c5
22. dxc6 Ndf6 23. Nd4 Bxh3 24. Rxh3 Qc8 25. Re3 Qd8 26. Kc2 Qa5 27. Qxc4 Ng4
28. Ra3 Qxh5 29. Bg1 Nhf6 30. Nf5 Rfe8 31. Nxd6 Qh4 32. Qxf7+ Kh8 33. Nf5 1-0

[Event "XV Weekend A"]
[Site "Porto Sant'Elpidio ITA"]
[Date "2012.11.25"]
[Round "5"]
[White "Guglielmi, Dante"]
[Black "Miandro, Steven"]
[WhiteElo "1930"]
[BlackElo "1861"]
[Result "0-1"]
[PlyCount "128"]
[EventDate "2012.11.17"]

1. c4 e5 2. Nc3 Nf6 3. g3 Bb4 4. Bg2 O-O 5. Nf3 Nc6 6. Nd5 Bc5 7. O-O h6 8. b4
Nxb4 9. Nxb4 Bxb4 10. Nxe5 d6 11. Nd3 Ba5 12. Nf4 c6 13. Rb1 Bc7 14. d4 d5 15.
cxd5 Bxf4 16. Bxf4 Nxd5 17. Bd2 Re8 18. Re1 Nf6 19. Bc3 Ne4 20. Ba1 Qa5 21. a4
Rb8 22. f3 Nd6 23. e4 Nc4 24. d5 cxd5 25. Rb5 Qc7 26. Qd4 f6 27. Rxd5 Nb6 28.
Rc5 Qd7 29. Qxd7 Bxd7 30. a5 Na4 31. Rc7 Bc6 32. Bh3 Red8 33. e5 Re8 34. f4 Nc5
35. Rd1 Na6 36. Rxc6 bxc6 37. exf6 gxf6 38. Bxf6 Re2 39. Rd7 Rb1+ 40. Bf1 Ree1
41. Rxa7 Rxf1+ 42. Kg2 Rg1+ 43. Kh3 Nb4 44. Bd4 Rgd1 45. Bg7 c5 46. Bxh6 c4 47.
Rg7+ Kh8 48. Rc7 Rd6 49. Bg7+ Kg8 50. Be5 Rh6+ 51. Kg4 Rc6 52. Rb7 Rb3 53. f5
Nd3 54. Rg7+ Kf8 55. Bd4 c3 56. a6 Rxa6 57. Rc7 Rb4 58. Kg5 Rxd4 59. h4 Rd5 60.
Rxc3 Nf2 61. Rc7 Raa5 62. g4 Rd4 63. Kf6 Ra6+ 64. Ke5 Rxg4 0-1

[Event "XV Weekend A"]
[Site "Porto Sant'Elpidio ITA"]
[Date "2012.11.25"]
[Round "5"]
[White "Iori, Massimiliano"]
[Black "Coronel, Joshua"]
[WhiteElo "2013"]
[BlackElo "1905"]
[Result "1/2-1/2"]
[PlyCount "108"]
[EventDate "2012.11.17"]

1. d4 Nf6 2. Bf4 g6 3. e3 Bg7 4. Be2 d6 5. Nf3 Nbd7 6. h3 c5 7. c3 O-O 8. O-O
a6 9. a4 b6 10. Nbd2 Bb7 11. Re1 d5 12. Ne5 Nxe5 13. Bxe5 Ne4 14. Bxg7 Kxg7 15.
Nxe4 dxe4 16. dxc5 bxc5 17. b4 Qc7 18. Qb3 Rfd8 19. Red1 cxb4 20. cxb4 Qe5 21.
Rac1 Rac8 22. Rxd8 Rxd8 23. Qc3 Qxc3 24. Rxc3 Rc8 25. Rxc8 Bxc8 26. Kf1 f5 27.
Ke1 Kf6 28. Kd2 Ke5 29. Kc3 Kd5 30. h4 e5 31. Bc4+ Kd6 32. Kb3 h6 33. g3 g5 34.
hxg5 hxg5 35. Kc3 f4 36. Be2 Bb7 37. Bf1 Bc8 38. Be2 Bb7 39. Bg4 Bc6 40. Bc8
Bxa4 41. Bxa6 Kc6 42. Bc8 Bb5 43. Bf5 Kd5 44. Bg6 Bd3 45. Kb3 Bb5 46. Bf7+ Kd6
47. Bc4 Bd7 48. Be2 Kc6 49. Kc3 Kb6 50. gxf4 exf4 51. exf4 gxf4 52. Kd4 e3 53.
fxe3 fxe3 54. Kxe3 Bb5 1/2-1/2

[Event "XV Weekend A"]
[Site "Porto Sant'Elpidio ITA"]
[Date "2012.11.25"]
[Round "5"]
[White "Marsili, Riccardo"]
[Black "Balzano, Filli"]
[WhiteElo "2074"]
[BlackElo "1903"]
[Result "1-0"]
[PlyCount "111"]
[EventDate "2012.11.17"]

1. c4 c6 2. g3 d5 3. Bg2 Nf6 4. Nf3 Bf5 5. O-O e6 6. b3 Nbd7 7. Bb2 Bd6 8. d3
Qc7 9. Nbd2 O-O 10. Rc1 h6 11. Rc2 Bh7 12. Qa1 Qd8 13. Rcc1 Re8 14. e4 dxe4 15.
dxe4 e5 16. Nh4 Nc5 17. Qb1 a5 18. Qc2 Qc7 19. Nf5 Bf8 20. Rfd1 Rad8 21. Nf1
Nfd7 22. Bc3 Na6 23. Qb2 Nac5 24. N1e3 Ne6 25. Ng4 f6 26. Nfxh6+ gxh6 27. Rxd7
Rxd7 28. Nxf6+ Kf7 29. Bxe5 Bd6 30. Nxd7 Ng5 31. Bxd6 Qxd6 32. Nb6 Bxe4 33. Qc3
Bxg2 34. Kxg2 Qe6 35. Qd3 Qh3+ 36. Kg1 Rd8 37. Qe3 Qf5 38. Kh1 Nh3 39. Kg2 Rg8
40. Re1 Nf4+ 41. Kh1 Ne6 42. Nd7 Rd8 43. Ne5+ Kg7 44. Qf3 Nd4 45. Qxf5 Nxf5 46.
Nf3 Rd3 47. Kg2 a4 48. g4 Nd6 49. c5 Nb5 50. bxa4 Nc3 51. Re7+ Kf6 52. Rxb7
Nxa4 53. Rc7 Ra3 54. Rxc6+ Kg7 55. Ra6 Rxa2 56. c6 1-0

[Event "XV Weekend A"]
[Site "Porto Sant'Elpidio ITA"]
[Date "2012.11.25"]
[Round "5"]
[White "Medorini, Massimiliano"]
[Black "Sagripanti, Michele"]
[WhiteElo "1859"]
[BlackElo "2032"]
[Result "0-1"]
[PlyCount "76"]
[EventDate "2012.11.17"]

1. c4 e5 2. Nc3 Nf6 3. Nf3 Nc6 4. e3 Bb4 5. Qc2 Bxc3 6. Qxc3 Qe7 7. a3 a5 8. b3
O-O 9. Bb2 Re8 10. Be2 d5 11. cxd5 Nxd5 12. Qc2 e4 13. Nd4 Nxd4 14. Bxd4 b6 15.
Bb2 c5 16. Bc4 Nc7 17. Qc3 Qf8 18. a4 Ba6 19. h4 Bxc4 20. bxc4 Rad8 21. Rh3 Rd3
22. Qc2 Na6 23. Rg3 Nb4 24. Qd1 f6 25. Rg4 Red8 26. Rxe4 Rxd2 27. Qxd2 Rxd2 28.
Kxd2 Qd6+ 29. Ke2 Qd3+ 30. Kf3 Qc2 31. Rc1 Qxb2 32. Rd1 Nc6 33. Re6 Ne5+ 34.
Kg3 Qe2 35. Rdd6 Qg4+ 36. Kh2 Kf7 37. f4 Qxh4+ 38. Kg1 Ng4 0-1

[Event "XV Weekend A"]
[Site "Porto Sant'Elpidio ITA"]
[Date "2012.11.25"]
[Round "5"]
[White "Ricci, Alessio"]
[Black "Rinaudo, Sergio"]
[WhiteElo "1898"]
[BlackElo "2116"]
[Result "1/2-1/2"]
[PlyCount "79"]
[EventDate "2012.11.17"]

1. d4 d5 2. Nf3 Nf6 3. e3 g6 4. c4 Bg7 5. cxd5 Nxd5 6. e4 Nb6 7. Bb5+ c6 8. Be2
Bg4 9. Nbd2 O-O 10. h3 Be6 11. Nb3 N8d7 12. O-O Qc7 13. Qc2 Bxb3 14. Qxb3 Nf6
15. Bd3 Rad8 16. Be3 Nh5 17. e5 Nd5 18. Rac1 Nxe3 19. fxe3 Ng3 20. Rf2 Bh6 21.
Re1 e6 22. Nh2 Qa5 23. Nf3 c5 24. Kh2 Nf5 25. Bxf5 gxf5 26. Rd1 Rd5 27. a3 b6
28. Re2 Rfd8 29. g4 fxg4 30. hxg4 cxd4 31. exd4 Qa6 32. Re4 Qb7 33. Qd3 Qc7 34.
g5 Bg7 35. Rde1 Rc8 36. R1e2 Rcd8 37. Rh4 f5 38. gxf6 Bxf6 39. Rg2+ Kh8 40. Rh5
1/2-1/2

[Event "XV Weekend A"]
[Site "Porto Sant'Elpidio ITA"]
[Date "2012.11.25"]
[Round "5"]
[White "Ripa', Daniele"]
[Black "Renzetti, Leonardo"]
[WhiteElo "1993"]
[BlackElo "1776"]
[Result "1-0"]
[PlyCount "69"]
[EventDate "2012.11.17"]

1. e4 e6 2. d4 d5 3. e5 c5 4. c3 Nc6 5. Nf3 Qb6 6. a3 c4 7. Nbd2 Na5 8. h4 h6
9. g3 Bd7 10. Bh3 Ne7 11. Rb1 Nb3 12. Nxb3 cxb3 13. O-O a5 14. Re1 a4 15. Be3
Bb5 16. Rc1 Nc6 17. Nd2 Na5 18. c4 Bc6 19. Qf3 Qd8 20. Qh5 g6 21. Qe2 dxc4 22.
Nxc4 Qd5 23. Nd6+ Bxd6 24. Rxc6 Nxc6 25. Bg2 Qa5 26. exd6 Kd7 27. d5 exd5 28.
Bd2 Qd8 29. Bh3+ Kxd6 30. Qb5 g5 31. Qxb7 Qc7 32. Qb5 Rhe8 33. Rc1 Re4 34. Qc5+
Ke5 35. Bc3+ 1-0

[Event "XV Weekend A"]
[Site "Porto Sant'Elpidio ITA"]
[Date "2012.11.25"]
[Round "5"]
[White "Trasciatti, Mirko"]
[Black "Rinaudo, Andrea"]
[WhiteElo "1978"]
[BlackElo "2095"]
[Result "1/2-1/2"]
[PlyCount "85"]
[EventDate "2012.11.17"]

1. e4 c5 2. Nf3 Nc6 3. d4 cxd4 4. Nxd4 e5 5. Nb5 d6 6. N1c3 a6 7. Na3 b5 8. Nd5
Nf6 9. Bg5 Be7 10. Bxf6 Bxf6 11. c3 O-O 12. Nc2 Bg5 13. a4 bxa4 14. Rxa4 a5 15.
Bc4 Bd7 16. Ra2 a4 17. O-O Na5 18. Bd3 Nb3 19. Nce3 Nc5 20. Bc2 Bxe3 21. Nxe3
Be6 22. Nd5 Qb8 23. Qd2 Qb7 24. Rd1 Rfd8 25. f3 h6 26. Rda1 f5 27. Bxa4 fxe4
28. Bc6 Rxa2 29. Rxa2 Qb3 30. Ra7 Kh8 31. Nf6 e3 32. Qxe3 Qd1+ 33. Kf2 Nd3+ 34.
Kg3 Nf4 35. Qe4 Qd3 36. Qxd3 Nxd3 37. Nh5 Nxb2 38. Be4 Nd1 39. Bg6 Rg8 40. Rc7
Ne3 41. Kf2 Nd5 42. Rc6 Rd8 43. Be4 1/2-1/2

[Event "XV Weekend A"]
[Site "Porto Sant'Elpidio ITA"]
[Date "2012.11.25"]
[Round "6"]
[White "Balzano, Filli"]
[Black "Ricci, Alessio"]
[WhiteElo "1903"]
[BlackElo "1898"]
[Result "1-0"]
[PlyCount "123"]
[EventDate "2012.11.17"]

1. e4 Nf6 2. e5 Nd5 3. d4 d6 4. Bc4 Be6 5. Nf3 dxe5 6. dxe5 c6 7. Ng5 Bf5 8. g4
Bg6 9. e6 f6 10. Nf3 Na6 11. Nh4 Qd6 12. Bxa6 bxa6 13. Qe2 Nc7 14. Nc3 Qxe6 15.
Qxe6 Nxe6 16. Nxg6 hxg6 17. Be3 Nc7 18. O-O-O e6 19. Ne4 Rd8 20. Rxd8+ Kxd8 21.
Bxa7 Rh4 22. f3 Rh3 23. Rd1+ Kc8 24. Bc5 Bxc5 25. Nxc5 Rxh2 26. Rd6 Rf2 27.
Rxc6 Kd8 28. Nxe6+ Nxe6 29. Rxe6 Rf1+ 30. Kd2 Rf2+ 31. Kd1 Rxf3 32. Rxa6 Rf4
33. g5 Rf5 34. gxf6 gxf6 35. Ra7 Rf2 36. a4 g5 37. Rg7 Rg2 38. a5 Kc8 39. a6
Kb8 40. b4 Rg1+ 41. Kd2 Ra1 42. b5 Ra5 43. c4 Ra4 44. Kd3 Rb4 45. Rf7 g4 46.
Rxf6 g3 47. Rg6 Ka7 48. Kc3 Ra4 49. Kb3 Ra1 50. Rxg3 Rb1+ 51. Kc2 Rb4 52. Kc3
Ra4 53. Rg6 Ra3+ 54. Kb4 Rf3 55. Rg7+ Ka8 56. b6 Rf8 57. Kb5 Re8 58. Rc7 Rg8
59. c5 Rb8 60. b7+ Ka7 61. Rc8 Rxc8 62. bxc8=B 1-0

[Event "XV Weekend A"]
[Site "Porto Sant'Elpidio ITA"]
[Date "2012.11.25"]
[Round "6"]
[White "Coronel, Joshua"]
[Black "Ripa', Daniele"]
[WhiteElo "1905"]
[BlackElo "1993"]
[Result "1/2-1/2"]
[PlyCount "101"]
[EventDate "2012.11.17"]

1. e4 c5 2. Nf3 e6 3. d4 cxd4 4. Nxd4 a6 5. Nc3 Qc7 6. Bd3 Nc6 7. Nxc6 bxc6 8.
O-O Nf6 9. f4 d5 10. Qf3 Rb8 11. Kh1 Be7 12. b3 O-O 13. Qg3 Nd7 14. Qh3 Nc5 15.
e5 Nxd3 16. cxd3 Bd7 17. d4 c5 18. Ba3 Qa5 19. Bxc5 Bxc5 20. dxc5 Qxc5 21. Qd3
Rfc8 22. Rfc1 Qb4 23. Ne2 Bb5 24. Qd4 Rxc1+ 25. Rxc1 Qa3 26. Rc2 Bxe2 27. Rxe2
Qc1+ 28. Qg1 Qxf4 29. Re1 Rc8 30. Qa7 h6 31. Qxa6 Rc1 32. Qe2 Rc3 33. h3 Qf5
34. Qf1 Qc2 35. Re2 Qd3 36. Qf2 Rc1+ 37. Kh2 Qb1 38. g3 Rf1 39. Qg2 Qd1 40. b4
Rh1+ 41. Qxh1 Qxe2+ 42. Qg2 Qxe5 43. b5 Qd4 44. Qc2 Qb6 45. a4 e5 46. Qc8+ Kh7
47. Qf5+ Kg8 48. Qc8+ Kh7 49. Qf5+ Kg8 50. Qc8+ Kh7 51. Qf5+ 1/2-1/2

[Event "XV Weekend A"]
[Site "Porto Sant'Elpidio ITA"]
[Date "2012.11.25"]
[Round "6"]
[White "Guglielmi, Dante"]
[Black "Trasciatti, Mirko"]
[WhiteElo "1930"]
[BlackElo "1978"]
[Result "1-0"]
[PlyCount "135"]
[EventDate "2012.11.17"]

1. c4 e6 2. Nf3 d5 3. e3 c6 4. Nc3 f5 5. b3 Nf6 6. Be2 Bd6 7. O-O O-O 8. Bb2
Nbd7 9. Rc1 a6 10. d3 e5 11. Re1 Qe7 12. Qc2 b5 13. Nb1 Bb7 14. Nbd2 Rac8 15.
Qb1 b4 16. Qa1 g6 17. d4 e4 18. Ne5 Rfe8 19. Nxd7 Nxd7 20. g3 g5 21. f4 gxf4
22. gxf4 Qh4 23. Kh1 Qf2 24. Nf1 Kh8 25. Bh5 Rg8 26. Ng3 Rxg3 27. hxg3 Qxg3 28.
Rc2 Rg8 29. Rg1 Qxe3 30. Rxg8+ Kxg8 31. Qg1+ Qxg1+ 32. Kxg1 Bxf4 33. cxd5 cxd5
34. Kg2 Bd6 35. Be8 Nf6 36. Bc6 Ng4 37. Bc1 Bxc6 38. Rxc6 Be7 39. Rxa6 Bf6 40.
Rd6 Bxd4 41. Rxd5 Ne3+ 42. Bxe3 Bxe3 43. Rxf5 Bd2 44. Kf2 Kg7 45. Ra5 Kf6 46.
Ke2 e3 47. a4 bxa3 48. Rxa3 Ke5 49. Ra4 Kd5 50. Rh4 Kc5 51. Rxh7 Kb4 52. Rb7+
Kc5 53. Kd3 Kc6 54. Rb8 Kc7 55. Re8 Kd7 56. Re4 Kc6 57. Kc4 Kb6 58. b4 e2 59.
Rxe2 Bf4 60. Re6+ Kb7 61. Kb5 Bg3 62. Re7+ Ka8 63. Kc6 Bh2 64. b5 Bg3 65. Kb6
Bb8 66. Ka6 Bd6 67. Rd7 Be5 68. b6 1-0

[Event "XV Weekend A"]
[Site "Porto Sant'Elpidio ITA"]
[Date "2012.11.25"]
[Round "6"]
[White "Miandro, Steven"]
[Black "Marsili, Riccardo"]
[WhiteElo "1861"]
[BlackElo "2074"]
[Result "0-1"]
[PlyCount "94"]
[EventDate "2012.11.17"]

1. d4 Nf6 2. c4 g6 3. Nc3 d5 4. cxd5 Nxd5 5. Nf3 Bg7 6. e4 Nxc3 7. bxc3 O-O 8.
Be2 c5 9. Rb1 Qa5 10. Bd2 Qxa2 11. O-O cxd4 12. cxd4 b6 13. Rc1 Qe6 14. Ng5 Qd7
15. d5 h6 16. Nf3 Ba6 17. Bc3 Bxe2 18. Qxe2 Qb7 19. Bxg7 Kxg7 20. Qb2+ Kh7 21.
Ne5 Nd7 22. Nc6 Nf6 23. Qe5 Rae8 24. Rfd1 Nd7 25. Qb2 Nb8 26. Qe5 Na6 27. Qb2
Rc8 28. Rd2 Nb8 29. Rdc2 Nxc6 30. Rxc6 Rxc6 31. Rxc6 Rc8 32. Qc1 Rxc6 33. dxc6
Qc7 34. Qc4 e6 35. f4 Kg8 36. g4 Kf8 37. e5 Ke8 38. Kf2 b5 39. Qc2 Kd8 40. Qd2+
Kc8 41. Qd6 Qxd6 42. exd6 a5 43. Ke2 a4 44. Kd2 b4 45. h4 a3 46. Kc2 f6 47. Kb3
h5 0-1

[Event "XV Weekend A"]
[Site "Porto Sant'Elpidio ITA"]
[Date "2012.11.25"]
[Round "6"]
[White "Renzetti, Leonardo"]
[Black "Giobbi, Costantino"]
[WhiteElo "1776"]
[BlackElo "1845"]
[Result "1/2-1/2"]
[PlyCount "99"]
[EventDate "2012.11.17"]

1. d4 Nf6 2. c4 e6 3. Nf3 Bb4+ 4. Bd2 Qe7 5. Nc3 c5 6. e3 O-O 7. Bd3 cxd4 8.
exd4 d5 9. O-O Nc6 10. cxd5 Bxc3 11. bxc3 exd5 12. Re1 Qd8 13. Qc2 h6 14. Bf4
Be6 15. Ne5 Rc8 16. Qd2 Ne4 17. Bxe4 dxe4 18. Rxe4 Bf5 19. Re3 g5 20. Nxc6 Rxc6
21. Re5 Bg6 22. Bg3 Qc8 23. h4 Rxc3 24. hxg5 Rd3 25. Qf4 h5 26. Rae1 Qd7 27. d5
Rxd5 28. Qf6 Rd6 29. Qf4 Rd4 30. Qf6 Rd6 31. Re7 Rxf6 32. Rxd7 Rb6 33. Ree7
Rb1+ 34. Kh2 Rb2 35. a3 Rb3 36. Rxb7 Rxa3 37. Rxa7 Rxa7 38. Rxa7 Re8 39. Ra5
Bd3 40. Be5 Kh7 41. f4 Kg6 42. Rd5 Bc4 43. Rc5 Be6 44. Kg3 Ra8 45. Bc3 Rd8 46.
Kf3 Bd5+ 47. Kg3 Be6 48. Kf3 Bd5+ 49. Kg3 Be6 50. Kf3 1/2-1/2

[Event "XV Weekend A"]
[Site "Porto Sant'Elpidio ITA"]
[Date "2012.11.25"]
[Round "6"]
[White "Rinaudo, Andrea"]
[Black "Medorini, Massimiliano"]
[WhiteElo "2095"]
[BlackElo "1859"]
[Result "0-1"]
[PlyCount "72"]
[EventDate "2012.11.17"]

1. e4 b6 2. Nc3 Bb7 3. Nf3 e6 4. d4 Bb4 5. Bd3 Nf6 6. Qe2 d5 7. e5 Ne4 8. Bd2
Bxc3 9. bxc3 Nxd2 10. Qxd2 h6 11. O-O O-O 12. Qe3 Qe7 13. Nd2 c5 14. f4 Nc6 15.
f5 exf5 16. Rxf5 cxd4 17. cxd4 Bc8 18. Rf4 Nb4 19. Raf1 Nxd3 20. Qxd3 Be6 21.
Nf3 Rac8 22. Rf2 Qb4 23. Qa6 Rc7 24. h3 Qb2 25. Kh2 Rfc8 26. Ne1 g5 27. Rf6
Qxd4 28. Qe2 Rc3 29. Qh5 Qxe5+ 30. R2f4 Qxe1 31. Rxf7 Rxh3+ 32. gxh3 Rxc2+ 33.
Rf2 Rxf2+ 34. Rxf2 Qxf2+ 35. Kh1 Qf1+ 36. Kh2 Qxh3+ 0-1

[Event "XV Weekend A"]
[Site "Porto Sant'Elpidio ITA"]
[Date "2012.11.25"]
[Round "6"]
[White "Rinaudo, Sergio"]
[Black "Sagripanti, Michele"]
[WhiteElo "2116"]
[BlackElo "2032"]
[Result "1/2-1/2"]
[PlyCount "47"]
[EventDate "2012.11.17"]

1. d4 Nf6 2. Nf3 d5 3. c4 g6 4. Nc3 Bg7 5. e3 O-O 6. Bd3 Nc6 7. O-O Bg4 8. cxd5
Nxd5 9. h3 Nxc3 10. bxc3 Bxf3 11. Qxf3 Ne5 12. Qe2 Nxd3 13. Qxd3 c5 14. Ba3 Rc8
15. Qb5 b6 16. dxc5 bxc5 17. Rfd1 Qb6 18. Rab1 Bxc3 19. Qxb6 axb6 20. Rxb6 Be5
21. Rc1 Bd6 22. Rc4 Ra8 23. Rb3 Ra5 24. Rbc3 1/2-1/2

[Event "XV Weekend A"]
[Site "Porto Sant'Elpidio ITA"]
[Date "2012.11.25"]
[Round "6"]
[White "Viviani, Alessio"]
[Black "Iori, Massimiliano"]
[WhiteElo "2105"]
[BlackElo "2013"]
[Result "1/2-1/2"]
[PlyCount "69"]
[EventDate "2012.11.17"]

1. d4 d5 2. e3 Nf6 3. Bd3 Bg4 4. Ne2 e6 5. c4 c6 6. Nbc3 Be7 7. O-O O-O 8. Qc2
Bh5 9. Nf4 Bg6 10. Nxg6 hxg6 11. Rd1 Nbd7 12. e4 dxe4 13. Nxe4 Nxe4 14. Bxe4
Nf6 15. Bf3 Qc7 16. g3 Rfd8 17. Qe2 Rd7 18. Bf4 Bd6 19. Bg5 Rad8 20. h4 Be7 21.
Qe3 b6 22. Rac1 c5 23. d5 exd5 24. cxd5 Bd6 25. Qd3 Re8 26. b4 Qb8 27. bxc5
Bxc5 28. Kg2 Red8 29. h5 Qe5 30. Bf4 Qf5 31. hxg6 fxg6 32. Qb3 Bd6 33. Bxd6
Rxd6 34. Rc7 g5 35. Re1 1/2-1/2